Genetics notes

保存先:
書誌詳細
第一著者: James F Crow
フォーマット: 図書
言語:Undetermined
出版事項: Minnesota Burgess Publishing Company 1976
主題:
タグ: タグ追加
タグなし, このレコードへの初めてのタグを付けませんか!
Thư viện lưu trữ: Trung tâm Học liệu Trường Đại học Cần Thơ
LEADER 00473nam a2200181Ia 4500
001 CTU_29945
008 210402s9999 xx 000 0 und d
082 |a 575.1 
082 |b C953 
100 |a James F Crow 
245 0 |a Genetics notes 
245 0 |c James F Crow 
260 |a Minnesota 
260 |b Burgess Publishing Company 
260 |c 1976 
650 |a genetics - research 
904 |i Liên, 980115 
980 |a Trung tâm Học liệu Trường Đại học Cần Thơ